| 000 | 00502nam a2200169 i 4500 | ||
|---|---|---|---|
| 001 | 21561 | ||
| 003 | ES-MaACL | ||
| 005 | 20230906152513.0 | ||
| 007 | t| | ||
| 008 | 021126s1948 sp ||||1| spa d | ||
| 100 | 1 |
_aAlberti, Tomás de. _919351 |
|
| 245 | 1 | 0 |
_aPropiedades y fabricación de cales, cementos y yesos / _cpor Tomás de Alberti. |
| 250 | _a2ª ed. abrev. | ||
| 260 |
_aMadrid : _b[s.n., _c1948] ( _fImp. Plutarco) |
||
| 300 |
_a140 p. ; _c15 cm. |
||
| 852 |
_aES-MaACL _j1887-F-10 _bR.26041 |
||
| 999 |
_c21561 _d21561 |
||